000 00720nam a2200229Ia 4500
001 1039
003 GE_BSU
008 181216s||||||||xx |||||||||||||| ||und||
040 _cGE_BSU
080 _a597.2/5
245 _aОпределитель паразитов пресноводных рыб фауны СССР
245 _bПаразитические многоклеточные.2.
245 _cПод ред. О.Н.Бауера
260 _aЛенинград
260 _bНаука
260 _c1985
300 _a426стр.
541 _h15л.
653 _aОпределитель паразитов пресноводных рыб фауны СССР
653 _aФауна
942 _cBK
999 _c35193
_d35193